000 00528cam a22002171 4500
001 sa 65001916
003 DLC
005 20260227112112.0
008 941012s1962 ii c 000 0 orio
010 _asa 65001916
025 _aPL480:I-O-301
035 _a(OCoLC)31270335
040 _aDLC
_cCU
_dCU
_dDLC
042 _apremarc
050 0 0 _aPK2579.G45
_bT9
100 1 _aGhosh, Aswini Kumar,
_d1892-1962.
245 1 0 _aTyāgi-Rāmadāsa.
260 _c[1962]
300 _a103 p.
_bport.
_c18 cm.
500 _aIn Oriya.
999 _c62301
_d62301